00505nam a22001817a 450000500170000001000150001702000260003203500140005803700090007208200110008110000180009224500570011025000060016726000440017327000760021730000200029376000100031320250731123736.0 aENG-146251 c250.00a9789392151187 aEN-129783 bDBAD a65821 aBanumathy, K. aBusiness Organization and Mangement/cK. Banumathy,  a1 aTamil NadubFirst Book Publishingc2025 bTamil Nadua61, 66 T. P. K. Main Road, Vasantha Nagar, Madurai,e625003 a152p.c22cm(pb) bFirst